<?xml version='1.0' encoding='UTF-8'?>
  <record xmlns="http://www.loc.gov/MARC21/slim">
    <leader>00000cam a2200000 i 4500</leader>
    <controlfield tag="001">ocn823753871</controlfield>
    <controlfield tag="003">OCoLC</controlfield>
    <controlfield tag="005">20240829155056.7</controlfield>
    <controlfield tag="008">130109s1593    gw a          000 0 ger d</controlfield>
    <datafield tag="040" ind1=" " ind2=" ">
      <subfield code="a">FDA</subfield>
      <subfield code="b">eng</subfield>
      <subfield code="e">rda</subfield>
      <subfield code="e">dcrmr</subfield>
      <subfield code="c">FDA</subfield>
      <subfield code="d">FDA</subfield>
      <subfield code="d">OCLCO</subfield>
      <subfield code="d">OCLCA</subfield>
      <subfield code="d">OCLCF</subfield>
      <subfield code="d">OCLCQ</subfield>
      <subfield code="d">OCLCO</subfield>
      <subfield code="d">OCLCL</subfield>
      <subfield code="d">OCLCQ</subfield>
      <subfield code="d">QGJ</subfield>
      <subfield code="d">OCLCQ</subfield>
    </datafield>
    <datafield tag="035" ind1=" " ind2=" ">
      <subfield code="a">(OCoLC)823753871</subfield>
    </datafield>
    <datafield tag="050" ind1=" " ind2="4">
      <subfield code="a">BS2825.A2</subfield>
      <subfield code="b">N6 1593</subfield>
    </datafield>
    <datafield tag="100" ind1="1" ind2=" ">
      <subfield code="a">Nigrinus, Georg,</subfield>
      <subfield code="d">1530-1602,</subfield>
      <subfield code="e">author.</subfield>
      <subfield code="4">aut</subfield>
      <subfield code="1">https://id.oclc.org/worldcat/entity/E39PBJjCP33fBw6yqvJVV88Bfq</subfield>
    </datafield>
    <datafield tag="245" ind1="1" ind2="0">
      <subfield code="a">Apocalypsis, Das ist: Die Offenbarung S. Johannis dess Apostels vnd Euangelisten, :</subfield>
      <subfield code="b">In diesen letzten trübseligen Zeiten, allen rechten Christen zum Trost vnd Besserung, wider das Antichristische Reich, vnd alle Feinde der wahren Christlichen Kirchen, auffs trewlichst vnd fleissigst erkläret vnd aussgeleget. /</subfield>
      <subfield code="c">Durch Georgium Nigrinum, Superintendenten zu Echtzel.</subfield>
    </datafield>
    <datafield tag="246" ind1="3" ind2="0">
      <subfield code="a">Offenbarung S. Johannis dess Apostels und Evangelisten</subfield>
    </datafield>
    <datafield tag="264" ind1=" " ind2="1">
      <subfield code="a">Gedruckt zu Franckfurt am Mayn, :</subfield>
      <subfield code="b">durch Johann Spies,</subfield>
      <subfield code="c">im Jar M.D.XCIII. [1593]</subfield>
    </datafield>
    <datafield tag="300" ind1=" " ind2=" ">
      <subfield code="a">[24], 764 [this is, 766], [1] pages :</subfield>
      <subfield code="b">illustrations ;</subfield>
      <subfield code="c">20 cm (4to)</subfield>
    </datafield>
    <datafield tag="336" ind1=" " ind2=" ">
      <subfield code="a">text</subfield>
      <subfield code="b">txt</subfield>
      <subfield code="2">rdacontent</subfield>
    </datafield>
    <datafield tag="337" ind1=" " ind2=" ">
      <subfield code="a">unmediated</subfield>
      <subfield code="b">n</subfield>
      <subfield code="2">rdamedia</subfield>
    </datafield>
    <datafield tag="338" ind1=" " ind2=" ">
      <subfield code="a">volume</subfield>
      <subfield code="b">nc</subfield>
      <subfield code="2">rdacarrier</subfield>
    </datafield>
    <datafield tag="340" ind1=" " ind2=" ">
      <subfield code="m">4to</subfield>
      <subfield code="2">rdabf</subfield>
    </datafield>
    <datafield tag="500" ind1=" " ind2=" ">
      <subfield code="a">Title and author statement on engraved title page printed in red and black.</subfield>
    </datafield>
    <datafield tag="500" ind1=" " ind2=" ">
      <subfield code="a">Includes also the text of the Book of Revelations in German translation.</subfield>
    </datafield>
    <datafield tag="500" ind1=" " ind2=" ">
      <subfield code="a">Publication statement from colophon on leaf Ddddd4r which reads 'Gedruckt zu Franckfurt am Mayn, durch Johann Spies im Jar M.D.XCIII.'</subfield>
    </datafield>
    <datafield tag="500" ind1=" " ind2=" ">
      <subfield code="a">Printer's device on leaf Ddddd4r.</subfield>
    </datafield>
    <datafield tag="500" ind1=" " ind2=" ">
      <subfield code="a">Author sometimes referred to by vernacular form of name Georg Schwartz of Bettenberg; cf. BM.</subfield>
    </datafield>
    <datafield tag="500" ind1=" " ind2=" ">
      <subfield code="a">Previously printed, Orsel, 1573.</subfield>
    </datafield>
    <datafield tag="500" ind1=" " ind2=" ">
      <subfield code="a">Pages 111-112 repeated; page [115] numbered 111.</subfield>
    </datafield>
    <datafield tag="500" ind1=" " ind2=" ">
      <subfield code="a">Signatures: (:)-(:)(:)(:)⁴ a-z⁴, Aa-Zz⁴, Aaa-Zzz⁴, Aaaa-Zzzz⁴, Aaaaa-Zzzzz⁴, Aaaaaa-Dddddd⁴.</subfield>
    </datafield>
    <datafield tag="500" ind1=" " ind2=" ">
      <subfield code="a">Illustrations in text.</subfield>
    </datafield>
    <datafield tag="500" ind1=" " ind2=" ">
      <subfield code="a">With initials, tail-pieces and printed marginalia.</subfield>
    </datafield>
    <datafield tag="500" ind1=" " ind2=" ">
      <subfield code="a">Date in dedication: "Anno M.D.Lxxij den 25. Januarij" [1572]</subfield>
    </datafield>
    <datafield tag="510" ind1="4" ind2=" ">
      <subfield code="a">Verzeichnis der im deutschen Sprachbereich erschienenen Drucke des 16. Jahrhunderts (VD 16),</subfield>
      <subfield code="c">S 4623</subfield>
      <subfield code="u">https://gateway-bayern.de/VD16+S+4623</subfield>
    </datafield>
    <datafield tag="510" ind1="4" ind2=" ">
      <subfield code="a">Mansell,</subfield>
      <subfield code="c">419:400</subfield>
    </datafield>
    <datafield tag="630" ind1="0" ind2="0">
      <subfield code="a">Bible.</subfield>
      <subfield code="p">Revelation</subfield>
      <subfield code="v">Commentaries.</subfield>
    </datafield>
    <datafield tag="630" ind1="0" ind2="7">
      <subfield code="a">Bible.</subfield>
      <subfield code="p">Revelation</subfield>
      <subfield code="2">fast</subfield>
    </datafield>
    <datafield tag="655" ind1=" " ind2="7">
      <subfield code="a">Commentaries</subfield>
      <subfield code="2">fast</subfield>
    </datafield>
    <datafield tag="700" ind1="1" ind2=" ">
      <subfield code="a">Spies, Johann,</subfield>
      <subfield code="d">approximately 1540-1623,</subfield>
      <subfield code="e">printer.</subfield>
      <subfield code="4">prt</subfield>
    </datafield>
    <datafield tag="700" ind1="1" ind2=" ">
      <subfield code="a">Sayn-Wittgenstein, Ludwig,</subfield>
      <subfield code="c">Graf zu,</subfield>
      <subfield code="d">1532-1605,</subfield>
      <subfield code="e">dedicatee.</subfield>
      <subfield code="4">dte</subfield>
    </datafield>
    <datafield tag="730" ind1="0" ind2="2">
      <subfield code="i">Container of (expression)</subfield>
      <subfield code="a">Bible.</subfield>
      <subfield code="p">Revelation.</subfield>
      <subfield code="l">German.</subfield>
      <subfield code="s">Luther.</subfield>
    </datafield>
    <datafield tag="752" ind1=" " ind2=" ">
      <subfield code="a">Germany</subfield>
      <subfield code="d">Frankfurt am Main,</subfield>
      <subfield code="e">publication place.</subfield>
      <subfield code="4">pup</subfield>
    </datafield>
    <datafield tag="776" ind1="0" ind2="8">
      <subfield code="i">Online version:</subfield>
      <subfield code="a">Nigrinus, Georg, 1530-1602.</subfield>
      <subfield code="t">Apocalypsis, Das ist, die Offenbarung S. Johannis desz Apostels und Evangelisten.</subfield>
      <subfield code="d">Franckfurt am Mayn : J. Spies, 1593</subfield>
      <subfield code="w">(OCoLC)656770806</subfield>
    </datafield>
  </record>